| 000 | 04343nas1a22003971i 4500 | ||
|---|---|---|---|
| 001 | RU\NLR\INFOCOMM19\5000019531 | ||
| 005 | 20240726035700.0 | ||
| 035 | _a(NLR Aleph) 002413908 | ||
| 090 |
_a1841432 _c1841432 |
||
| 100 | _a20050114c1953 |||y0rusy50 ca | ||
| 101 | 0 | _arus | |
| 102 | _aRU | ||
| 110 | _azyuzz 0|y| | ||
| 200 | 1 |
_a[Труды] _fМ-во здрав. СССР. Центр. ин-т травматологии и ортопедии |
|
| 207 | 1 | _aТ.16- | |
| 210 |
_aМ. _d1953- |
||
| 710 | 0 | 2 |
_aЦентральный институт травматологии и ортопедии им. Н.Н. Приорова _cМосква _4070 |
| 801 | 1 |
_aRU _bInfoComm _c20050114 |
|
| 801 | 0 |
_aRU _bNLR _gPSBO |
|
| 852 |
_aNLR _jП16/741 |
||
| 942 | _cSE | ||
| 980 | _aRUSPER | ||